Кн. 2; Коррозия металлов и сплавов

Bibliografske podrobnosti
Parent link:Коррозия металлов и сплавов: справочник/ В. С. Пахомов. Кн. 2.— , 2013.— 978-5-93952-041-6
Izvleček:В справочнике обобщены результаты использования конструкционных материалов при разработке и ремонте аппаратуры, эксплуатируемой в агрессивных средах различных производств. Приводятся данные о сортаменте и коррозионном поведении металлические материалов в наиболее распространенных агрессивных средах, даются рекомендации по их выбору. Справочник содержит большое количество таблиц и графиков с линиями постоянной скорости коррозии, позволяющих определить допустимую концентрацию и температуру среды, при которых сохраняется выбранная скорость коррозии. Для большинства агрессивных сред в компактной графической форме представлены данные о конструкционных материалах, обладающих достаточной коррозионной стойкостью в заданных условиях. Для инженерно-технических работников химической, нефтехимической и смежных отраслей промышленности, занимающихся проектированием, изготовлением, ремонтом и эксплуатацией технологического оборудования в агрессивных средах. Справочник полезен студентам старших курсов инженерных специальностей, занимающимся вопросами разработки аппаратуры в коррозионно-стойком исполнении.
Jezik:ruščina
Izdano: 2013
Teme:
Format: Knjiga
KOHA link:https://koha.lib.tpu.ru/cgi-bin/koha/opac-detail.pl?biblionumber=269106

MARC

LEADER 00000nam2a2200000 4500
001 269106
005 20231101234226.0
035 |a (RuTPU)RU\TPU\book\292278 
035 |a RU\TPU\book\257190 
090 |a 269106 
100 |a 20140915d2013 km y0rusy50 ca 
101 0 |a rus 
102 |a RU 
105 |a a g 001zy 
200 0 |a Кн. 2 
210 |d 2013 
215 |a 544 с.  |c ил. 
320 |a Библиогр.: с. 522-534. 
330 |a В справочнике обобщены результаты использования конструкционных материалов при разработке и ремонте аппаратуры, эксплуатируемой в агрессивных средах различных производств. Приводятся данные о сортаменте и коррозионном поведении металлические материалов в наиболее распространенных агрессивных средах, даются рекомендации по их выбору. Справочник содержит большое количество таблиц и графиков с линиями постоянной скорости коррозии, позволяющих определить допустимую концентрацию и температуру среды, при которых сохраняется выбранная скорость коррозии. Для большинства агрессивных сред в компактной графической форме представлены данные о конструкционных материалах, обладающих достаточной коррозионной стойкостью в заданных условиях. Для инженерно-технических работников химической, нефтехимической и смежных отраслей промышленности, занимающихся проектированием, изготовлением, ремонтом и эксплуатацией технологического оборудования в агрессивных средах. Справочник полезен студентам старших курсов инженерных специальностей, занимающимся вопросами разработки аппаратуры в коррозионно-стойком исполнении. 
461 1 |0 (RuTPU)RU\TPU\book\292492  |y 978-5-93952-041-6  |t Коррозия металлов и сплавов  |o справочник  |o в 2 кн.  |f В. С. Пахомов  |v Кн. 2  |d 2013 
606 1 |a Материалы  |x Коррозионная стойкость  |x Коррозия  |2 stltpush  |3 (RuTPU)RU\TPU\subj\41279  |9 61083 
606 1 |a Металлы  |x Коррозия  |2 stltpush  |3 (RuTPU)RU\TPU\subj\72818  |9 86210 
610 1 |a неорганические соединения 
610 1 |a сплавы 
610 1 |a коррозионная стойкость 
610 1 |a минеральные кислоты 
610 1 |a смеси 
610 1 |a соли 
610 1 |a гидроксиды 
610 1 |a вода 
610 1 |a газы 
610 1 |a органические соединения 
610 1 |a спирты 
610 1 |a справочники 
675 |a 620.193(035)  |v 3 
675 |a 669:620.193(035)  |v 3 
801 1 |a RU  |b 63413507  |c 20130418 
801 2 |a RU  |b 63413507  |c 20150529  |g RCR 
942 |c BK 
959 |a 82/20130418  |d 2  |e 4300,00  |f ЧЗТЛ:1  |f АНЛ:1 
959 |a 33/20140221  |d 2  |e 2100,00  |f ЧЗТЛ:1  |f АНЛ:1